15 Największych stanów w USA [Kolega Ignacy] - Statystyki

Ogólne statystyki
  • Ten quiz został rozwiązany 283 razy
  • Średni wynik to 9 z 15
Statystyki odpowiedzi
Odpowiedź % Poprawnych
2 Teksas
93%
3 Kalifornia
91%
1 Alaska
87%
5 Nowy Meksyk
71%
7 Nevada
69%
6 Arizona
66%
4 Montana
61%
8 Kolorado
59%
13 Utah
59%
14 Idaho
54%
9 Oregon
53%
11 Michigan
51%
10 Wyoming
46%
15 Kansas
45%
12 Minnesota
44%
Nie znaleziono quizów pasujących do podanych kryteriów
Rozkład punktacji
Procent ludzi z każdym wynikiem
Percentyl według liczby udzielonych odpowiedzi
Twoja historia wyników
Nie rozwiązałeś tego quizu